| 000 | 00885nam a22002417a 4500 | ||
|---|---|---|---|
| 005 | 20110628104948.0 | ||
| 008 | 110628t xxu||||| |||| 00| 0 eng d | ||
| 010 | _aENG-102874 | ||
| 020 |
_a9788175349025 _c1295.00 |
||
| 035 | _aEN-86407 | ||
| 037 | _bDBAD/PUB | ||
| 040 |
_aDPL _bEng |
||
| 082 | _a220.65 | ||
| 100 |
_928897 _aChaturvedi, R.G. |
||
| 245 |
_aManusmriti : _cby R.G.Chaturvedi _bthe constitution of the Vedic society / |
||
| 260 |
_aNew Delhi _bUniversal Law Publishing _c2010 |
||
| 270 |
_aCFF-1A, Dilkhush industrial estate, G.T.Karnal road _b Delhi _e110033 |
||
| 300 | 2 |
_alxx,724p _c24cm (Hb) |
|
| 500 | _aIncludes index | ||
| 700 | _928907 | ||
| 942 |
_2ddc _cEN _h220.65 _mCHA |
||
| 999 |
_c53513 _d53513 |
||